Impacto acústico ambiental de la Autopista Central, edificio General Mackenna, comuna de Santiago

El presente estudio pretende, demostrar que los niveles de ruido producidos desde la Autopista Central, sobrepasan los máximos aceptables en la normativa legal vigente sobre esta materia y que la carencia de medidas de control al factor acústico ambiental en las edificaciones...

Full description

Bibliographic Details
Main Author: Rojas Contreras, Nelson Ramón
Other Authors: Pérez García, Macarena (profesora guía)
Format: Tesis
Language:Spanish
Published: Santiago : Universidad Academia de Humanismo Cristiano 2014.
Subjects:

MARC

LEADER 00000nmm a22000007a 4500
001 043785
003 UAHC_CL
005 20230714121153.0
008 140620s2014 cl o d 000 spa
040 |a UAHC_CL  |c UAHC_CL  |d UAHC_CL 
100 1 |a Rojas Contreras, Nelson Ramón 
245 1 0 |a Impacto acústico ambiental de la Autopista Central, edificio General Mackenna, comuna de Santiago   |c Nelson Rojas, profesora guía Macarena Pérez. 
260 |b Universidad Academia de Humanismo Cristiano  |c 2014.  |a Santiago : 
300 |a 84 páginas. 
500 |a Tesis para optar al título de Ingeniero/a de Ejecución en Gestión Ambiental. 
502 |a Tesis (Ingeniería de Ejecución en Gestión Ambiental) -- Universidad Academia de Humanismo Cristiano, 2014. 
516 |a Tesis electrónica (PDF). Solicitar envío de documento a biblioteca@academia.cl 
520 |a El presente estudio pretende, demostrar que los niveles de ruido producidos desde la Autopista Central, sobrepasan los máximos aceptables en la normativa legal vigente sobre esta materia y que la carencia de medidas de control al factor acústico ambiental en las edificaciones cercanas a vías de alto flujo vehicular, contribuye al deterioro de la calidad de vida de sus habitantes.  
650 0 |a Contaminación  |9 1557  |x Aspectos ambientales 
700 1 |a Pérez García, Macarena  |e profesora guía 
900 |a TIEGA 135 
942 |c TS 
952 |0 0  |1 0  |4 0  |6 TIEGA_135_000000000000000  |7 0  |8 COMP  |9 81391  |a BC  |b BC  |c Digital  |d 2017-08-03  |o TIEGA 135  |r 2019-01-08 00:00:00  |w 2017-08-03  |y TS  |z Documento en PDF  |B IEGA 
999 |c 43785  |d 43785